Where am I?? #14 - Statistics

General Stats
  • This quiz has been taken 86 times
  • The average score is 6 of 6
Answer Stats
Instructions Answer Hint % Correct
Say 1 to receive your hint! 1 Finally! A country capital!
100%
Say 2 to receive your hint! 2 I see some Chinese!
99%
Say 3 to receive your hint! 3 And, English?!
99%
Say 4 to receive your hint! 4 AND MALAY???????????????
97%
Say 5 to receive your hint! 5 Wait, it's a city-state.
97%
Name the city! Singapore City
70%
No matching quizzes found
Score Distribution
Percent of People with Each Score
Percentile by Number Answered
Your Score History
You have not taken this quiz